00376nam a2200181Ia 4500003000900000008004100009040001300050040001300063041000800076100002200084245003200106250001200138260000800150260000900158300001100167300001000178490000600188IT-RoPAU120407s9999 xx 000 0 und d aIT-RoPAU cIT-RoPAU aita aGiorgio Petrocchi aIl Paradiso di Dante. 2a ed aMilano  aBur c1987 a132 p. c18 cm v1